000 00516 a2200157 4500
003 NUST
005 20221205182349.0
040 _cNust
082 _a153,GAB
100 _aGabel,Joseph
_9104168
245 _aFalse Consciousness :
_ban essy on Reification /
_cjoseph gabel
260 _alondon
_bHapper
_c1962
300 _axxx,358 p. :
505 _aPart-1: The Problem of Alienation (Page-3), Part-2: Reified Consciousness (Page-139), Part-3: Conclusions (Page-313) Appendix (Page-318)
942 _2ddc
_cBK
_k153,GAB
999 _c193780
_d193780